000
003240000a22001450004500
003
MACL
040
_a
MACL
090
_c
33630
_d
33628
100
_a
Kaeley, S L
245
_a
Political Science at a glance
260
_b
Sudha Publication Ltd
_c
2001
350
_a
140
650
_a
Political Science
942
_c
BOOK
_k
320/KAE
999
_c
33279
_d
33279